| 000 | 00519nam a2200205Ia 4500 | ||
|---|---|---|---|
| 003 | OSt | ||
| 005 | 20250729110642.0 | ||
| 008 | 210210b1969 xxu||||| |||| 00| 0 eng d | ||
| 040 | _cAL | ||
| 041 | _aEnglish | ||
| 082 | _a501 CROS | ||
| 100 |
_aFrederick J Crosson _9152917 |
||
| 245 | _aScience and contemporary society | ||
| 260 |
_aErnakulam _bPaico Publishing House _c1969 |
||
| 300 | _axxv,251p | ||
| 650 |
_aScience society _9152918 |
||
| 690 |
_aPure Sciences _9152919 |
||
| 906 | _a030132 | ||
| 942 |
_2ddc _cBK |
||
| 999 |
_c81323 _d81323 |
||